[Event "FRA-chT U20a 0405"]
[Site "France"]
[Date "2005.05.15"]
[Round "9.6"]
[White "Vieillot, Colin"]
[Black "Sarfati, Johan"]
[Result "1-0"]
[WhiteElo "1460"]
[BlackElo "1600"]
[PlyCount "59"]
[EventDate "2004.11.19"]
[EventType "team"]
[EventRounds "11"]
[EventCountry "FRA"]
[SourceTitle "EXT 2006"]
[Source "ChessBase"]
[SourceDate "2005.11.24"]
[SourceVersion "1"]
[SourceVersionDate "2005.11.24"]
[SourceQuality "1"]

1. e4 e5 2. Nf3 Nc6 3. Bc4 Nf6 4. Ng5 d5 5. exd5 Na5 6. Bb5+ c6 7. dxc6 bxc6 8. Qf3 Bb7 9. Ba4 Be7 10. Nc3 0-0 11. 0-0 Nd5 12. Nge4 f5 13. Ng3 e4 14. Qe2 Nf4 15. Qd1 Ba6 16. Re1 Nd5 17. f3 exf3 18. Qxf3 Qb6+ 19. Kh1 Nxc3 20. dxc3 Rfe8 21. Qxf5 Rf8 22. Qe6+ Rf7 23. b4 Bxb4 24. cxb4 Qxb4 25. Qe4 Qd6 26. Bb2 Kh8 27. Nf5 Qc7 28. Nxg7 Qd7 29. Ne6+ Kg8 30. Qg4+ 1-0

[Event "FRA-chT U20 0203"]
[Site "Clichy"]
[Date "2003.05.04"]
[Round "11.9"]
[White "Gallant, Aurelien"]
[Black "Vieillot, Colin"]
[Result "0-1"]
[WhiteElo "1370"]
[BlackElo "1410"]
[PlyCount "66"]
[EventDate "2002.12.??"]
[EventType "team"]
[EventRounds "11"]
[EventCountry "FRA"]
[SourceTitle "EXT 2004"]
[Source "ChessBase"]
[SourceDate "2003.11.25"]
[SourceVersion "1"]
[SourceVersionDate "2003.11.25"]
[SourceQuality "1"]
[WhiteTeam "Sautron"]
[BlackTeam "Cannes"]
[WhiteTeamCountry "FRA"]
[BlackTeamCountry "FRA"]

1. e4 e5 2. Nf3 Nf6 3. Nxe5 d6 4. Nf3 Nxe4 5. Nc3 Nxc3 6. dxc3 d5 7. Bf4 Bg4 8. Be2 Nc6 9. Qd2 Be7 10. 0-0-0 Be6 11. Kb1 0-0 12. h3 a6 13. g4 f6 14. Rhe1 Qd7 15. c4 Rad8 16. Bf1 Bd6 17. cxd5 Bxf4 18. Qxf4 Bxd5 19. Bc4 Qf7 20. Qf5 Bxc4 21. b3 Bd5 22. Nh4 Rd6 23. c4 Be6 24. Qf3 Ne5 25. Qxb7 g5 26. Rxd6 cxd6 27. Qxf7+ Rxf7 28. Nf5 Bxf5+ 29. gxf5 Kf8 30. Kc2 Ke7 31. b4 Kd7 32. a4 Nxc4 33. Kc3 d5 0-1

[Event "FRA-chT U20 0203"]
[Site "Clichy"]
[Date "2003.05.03"]
[Round "9.9"]
[White "Kohi, Camilla"]
[Black "Vieillot, Colin"]
[Result "1-0"]
[WhiteElo "1380"]
[BlackElo "1410"]
[PlyCount "41"]
[EventDate "2002.12.??"]
[EventType "team"]
[EventRounds "11"]
[EventCountry "FRA"]
[SourceTitle "EXT 2004"]
[Source "ChessBase"]
[SourceDate "2003.11.25"]
[SourceVersion "1"]
[SourceVersionDate "2003.11.25"]
[SourceQuality "1"]
[WhiteTeam "Creteil"]
[BlackTeam "Cannes"]
[WhiteTeamCountry "FRA"]
[BlackTeamCountry "FRA"]

1. e4 e5 2. Nf3 Nf6 3. Nc3 Nc6 4. d4 Bb4 5. Bg5 h6 6. Bxf6 Qxf6 7. dxe5 Nxe5 8. Nd2 0-0 9. Nd5 Qd6 10. c3 Ba5 11. Nc4 Nxc4 12. Bxc4 c6 13. b4 Bd8 14. Ne3 Qf4 15. Qg4 Qxg4 16. Nxg4 d5 17. Be2 dxe4 18. 0-0 f5 19. Bc4+ Kh8 20. Ne5 Bf6 21. Ng6+ 1-0